01237pab a2200169 454500008004000000100002200040245007100062260000900133300001400142362001200156520079400168650001400962650001000976650001400986700002701000773004001027180718b2009 xxu||||| |||| 00| 0 eng d aSalgaonkar, Seema aPanchayats and women self help groups: understanding the symbiosis c2009 ap.481-94. aApr-Jun aEmpowerment of women emphasizes on creation of environment which promotes equality between women and men. The state has, through it policies, planning and schemes, tried to create this environment. The National Perspective Plan for Women (1988) emphasized on two aspects, the economic development and integration of women into the mainstream of our economy, and equity and social justice to all women. The more recent efforts of the state in this direction has been dual, provision of thirty-three percent reservation for women in Panchayat Raj Institutions and promotion of micro credit scheme of Women Self Help Groups (WSHGs). Both these measures possessing independent capacities of bringing in positive change, if synergized can bring in silent revolution at grassroots. - Reproduced. aSelf help aWomen aPanchayat aSalgaonkar, Pradeep B. aIndian Journal of Political Science